01355nam a22003138i 4500999001700000001001000017003000900027005001700036008004100053020002500094040004100119082002000160245030300180250002000483264005200503300002900555336002600584337002800610338002700638500002000665650003200685653002300717655002400740700003700764700003000801700003000831942001200861952016800873 c29290d29261019007492EG-ScBUE20210802100243.0180806s2018 enk f 001 0 eng d a9781108465106 (pbk.) aStDuBDSbengerdacStDuBDSdEG-ScBUE04a343.08bBIL22200aBilateral and regional trade agreements :bcase studies /cedited by Simon Lester, trade policy analysis, Cato Institute, president, Bryan Mercurio, professor of law, The Chinese University of Hong Kong anf Lorand Bartels, University Senior Lecturer in law, University of Cambridge, Faculty of Law. aSecond edition. 1aCambridge :bCambridge University Press,c2018. axxiv, 173 pages ;c25 cm atext2rdacontentbtxt aunmediated2rdamediabn avolume2rdacarrierbnc aIncludes index. 7aCommercial treaties.2BUEsh bLLAAWWcAugust2021 vReading book9342321 aLester, Simon Nicholas,eeditor.1 aMercurio, Bryan,eeditor.1 aBartels, Lorand,eeditor. 2ddccBB 00102ddc40708BaccahaMAINbMAINc1STd2021-08-02ePurchaseg540.00h35755l1m1o343.08 BILp000050457r2025-07-15 00:00:00s2021-09-22v675.00w2021-08-02yBB